Manuel pour la concordance des calendriers républicain et grégorien ou recueil complet de tous les annuaires depuis la première année républicaine. (Record no. 129832)

MARC details
000 -LEADER
campo de control de longitud fija 00674nam a2200193 i 4500
001 - NÚMERO DE CONTROL
campo de control 129832
003 - IDENTIFICADOR DE NÚMERO DE CONTROL
campo de control ES-MaACL
005 - FECHA Y HORA DE LA ÚLTIMA TRANSACCIÓN
campo de control 20230906193604.0
007 - CAMPO FIJO DE DESCRIPCIÓN FÍSICA--INFORMACIÓN GENERAL
campo de control de longitud fija t|
008 - DATOS DE LONGITUD FIJA--INFORMACIÓN GENERAL
campo de control de longitud fija 070709s1806 fr |||| | fre d
080 ## - NÚMERO DE LA CLASIFICACIÓN DECIMAL UNIVERSAL
Número de la Clasificación Decimal Universal 050.9
245 00 - MENCIÓN DEL TÍTULO
Título Manuel pour la concordance des calendriers républicain et grégorien ou recueil complet de tous les annuaires depuis la première année républicaine.
250 ## - MENCION DE EDICION
Mención de edición 2e éd.
260 ## - PUBLICACIÓN, DISTRIBUCIÓN, ETC.
Lugar de publicación, distribución, etc. Paris :
Nombre del editor, distribuidor, etc. Antoine-Augustin Renouard,
Fecha de publicación, distribución, etc. 1806.
300 ## - DESCRIPCIÓN FÍSICA
Extensión 212 p. ;
Dimensiones 18 cm.
650 14 - PUNTO DE ACCESO ADICIONAL DE MATERIA--TÉRMINO DE MATERIA
Término de materia o nombre geográfico como elemento de entrada Calendario gregoriano.
9 (RLIN) 10679
650 #4 - PUNTO DE ACCESO ADICIONAL DE MATERIA--TÉRMINO DE MATERIA
Término de materia o nombre geográfico como elemento de entrada Calendarios-
Subdivisión geográfica Francia.
9 (RLIN) 166420
852 ## - LOCALIZACIÓN
Ubicación ES-MaACL
Número de control de estantería E-11847
Nota libre . - Biblioteca Jacinto Martínez Lacalle
Holdings
Estatus retirado Estado de pérdida Estado de daño No para préstamo Colección Biblioteca de origen Biblioteca actual Ubicación en estantería Fecha de adquisición Fuente de adquisición Total de préstamos Signatura topográfica completa Código de barras Visto por última vez Precio de reemplazo Tipo de ítem Koha
        Libros del s. XIX Biblioteca del Ateneo de Madrid Biblioteca del Ateneo de Madrid Depósito 2 17/01/2008     E-11847 1135190 23/02/2023 23/02/2023 Libro impreso antiguo